000 00336nam a2200145Ia 4500
008 230917s9999||||xx |||||||||||||| ||und||
040 _e148225
_aMAIN
041 _aEnglish
082 _a822.33 S15Q:S
100 _aQue Nnell, Peter
245 0 _aShekspeare
260 _aNew York
_bAvon Books
_c1963
300 _a380 p.
942 _cBK
999 _c58145
_d58145